Faktory ovplyvňujúce nákupné správanie a rozhodovanie spotrebiteľov bakalárska práca

Salvato in:
Dettagli Bibliografici
Autore principale: Kolisnyková, Iveta
Ente Autore: Obchodná fakulta EU. Katedra marketingu
Altri autori: Folvarčíková, Lucia, 1982-
Natura: Libro
Lingua:slovacco
Pubblicazione: Bratislava 2011
Tags: Aggiungi Tag
Nessun Tag, puoi essere il primo ad aggiungerne!!

MARC

LEADER 00000nbm a2200000 4500
001 0132021
005 20161109111426.6
041 0 |a slo 
044 |a SK 
245 1 0 |a Faktory ovplyvňujúce nákupné správanie a rozhodovanie spotrebiteľov  |b bakalárska práca  |c Iveta Kolisnyková ; školiteľ: Lucia Folvarčíková 
264 1 |a Bratislava  |c 2011 
300 |a 54 s. 
100 1 |a Kolisnyková, Iveta 
700 1 |a Folvarčíková, Lucia, 1982- 
710 2 |a Obchodná fakulta EU. Katedra marketingu